[Event "Mondiale Semilampo FIDE 2024"]
[Site "New York"]
[Date "26.12.2024"]
[Round "3.84"]
[White "Batsuren, Dambasuren"]
[Black "Wanyama, Harold"]
[Result "1-0"]
[WhiteTitle "GM"]
[BlackTitle "FM"]
[WhiteElo "2531"]
[BlackElo "2154"]
[WhiteFideId "4902920"]
[BlackFideId "10000380"]
[EventDate "26.12.2024"]

1. c4 e5 2. g3 Nf6 3. Bg2 d5 4. cxd5 Nxd5 5. Nf3 Nc6 6. O-O Nb6 7. Nc3 Be7 8. a3
a5 9. d3 O-O 10. Be3 Be6 11. Bxb6 cxb6 12. Nd2 Rc8 13. Nc4 f6 14. Qa4 Bc5 15.
Ne3 Nd4 16. Qd1 Rf7 17. Ned5 Rd7 18. e3 Nc6 19. e4 Nd4 20. Kh1 b5 21. Rc1 Bf8
22. Ne2 Rxc1 23. Nxc1 a4 24. Ne2 Bxd5 25. exd5 Rxd5 26. Bxd5+ Qxd5+ 27. f3 Nf5
28. Nc3 Qd7 29. Qe2 Bc5 30. Ne4 Bd4 31. Rc1 Ne3 32. Nc3 h5 33. Nd1 Nf5 34. Kg2
b6 35. Qe4 Bc5 36. Rc2 g6 37. Re2 Kg7 38. Nc3 Nd4 39. Re1 Nc2 40. Re2 Nd4 41.
Rd2 Nf5 42. Nd1 Qe6 43. Re2 Qb3 44. Nc3 Nd4 45. Rd2 Nf5 46. f4 exf4 47. Qxf4 Bd4
48. Qc7+ Kh6 49. Qf4+ Kg7 50. Re2 Be5 51. Rxe5 fxe5 52. Qxe5+ Kh7 53. Ne4 Qc2+
54. Kh3 Qxd3 55. Ng5+ Kh6 56. Nf7+ Kh7 57. Qh8# 1-0

[Event "Mondiale Semilampo FIDE 2024"]
[Site "New York"]
[Date "26.12.2024"]
[Round "3.85"]
[White "Druska, Juraj"]
[Black "Pereira, Fabian"]
[Result "1/2-1/2"]
[WhiteTitle "IM"]
[BlackTitle "CM"]
[WhiteElo "2423"]
[BlackElo "2123"]
[WhiteFideId "14915650"]
[BlackFideId "3701263"]
[EventDate "26.12.2024"]

1. c4 c5 2. Nc3 Nc6 3. g3 g6 4. Bg2 Bg7 5. e4 e5 6. Nge2 Nge7 7. d3 d6 8. O-O
O-O 9. h3 h6 10. Be3 Kh7 11. Qd2 Rb8 12. f4 f5 13. Kh2 a6 14. a4 Nd4 15. Rab1
Qe8 16. b4 cxb4 17. Rxb4 Nxe2 18. Nxe2 Bd7 19. fxe5 dxe5 20. Ba7 Ra8 21. Rxb7
Bc6 22. Rc7 Rc8 23. Rxc8 Nxc8 24. Bc5 Rf7 25. exf5 Bxg2 26. fxg6+ Kxg6 27. Rxf7
Kxf7 28. Be3 Bb7 29. Nc3 Qe6 30. Ne4 Bxe4 31. dxe4 Qxc4 32. Bxh6 Bxh6 33. Qxh6
Ne7 34. Qh7+ Ke6 35. h4 Qxa4 36. h5 Qc2+ 37. Kh3 Qd1 38. h6 Qh5+ 39. Kg2 Qe2+
40. Kg1 Qe1+ 41. Kg2 Qe2+ 42. Kg1 Qg4 43. Kh2 Qh5+ 44. Kg1 Qg6 45. Qh8 Qxg3+ 46.
Kh1 Qh4+ 47. Kg1 Qg4+ 48. Kh2 Qf4+ 49. Kg1 Qxe4 50. h7 Qg6+ 51. Kf2 Qf5+ 52. Ke2
Kf7 53. Kd2 Qg5+ 54. Kd1 Qg7 55. Qb8 Qxh7 56. Qxe5 Qf5 57. Qh8 a5 58. Qh4 Qb1+
59. Ke2 Qb2+ 60. Kd3 Qb3+ 61. Ke2 Qb5+ 62. Kd1 a4 63. Kc1 Ke8 64. Qd4 Nc6 65.
Qd6 Nb4 66. Kb2 Nd3+ 67. Kc3 Nc5 68. Qc7 Qb3+ 69. Kd2 Ne4+ 70. Ke2 Nc3+ 71. Kd2
Nd5 72. Qc6+ Ke7 73. Qc5+ Kd7 74. Qa5 a3 75. Qa7+ Kc6 76. Qa8+ Kc5 77. Qc8+ Kd4
78. Qh8+ Kc5 79. Qc8+ Kb5 80. Qe8+ Ka5 81. Qa8+ Kb4 82. Qf8+ Kc4 83. Qc8+ Kd4
84. Qh8+ Kc5 85. Qc8+ 1/2-1/2

[Event "Mondiale Semilampo FIDE 2024"]
[Site "New York"]
[Date "26.12.2024"]
[Round "3.86"]
[White "Soo, Kai Jie"]
[Black "Tang, Andrew"]
[Result "0-1"]
[WhiteTitle "FM"]
[BlackTitle "GM"]
[WhiteElo "2153"]
[BlackElo "2527"]
[WhiteFideId "5803454"]
[BlackFideId "2059630"]
[EventDate "26.12.2024"]

1. d4 d5 2. c4 e6 3. Nf3 Nf6 4. g3 dxc4 5. Bg2 Nc6 6. Qa4 Bd7 7. Qxc4 Na5 8. Qd3
c5 9. dxc5 Bxc5 10. Ne5 Qb6 11. O-O Bb5 12. Qf3 Bd4 13. a4 Ba6 14. Nd3 Nb3 15.
Ra3 O-O 16. Nc3 Bxd3 17. a5 Nxa5 18. Qxd3 Rfd8 19. Qb5 Nc6 20. Rb3 Ng4 21. e3
Qxb5 22. Rxb5 Bxc3 23. Rxb7 Na5 24. Rb5 Rac8 25. bxc3 Nc4 26. Bf3 Nf6 27. Rb4 a5
28. Ra4 Nd5 29. Rd1 Ndb6 30. Ra1 h6 31. Kf1 a4 32. Ke1 Rxd1+ 33. Bxd1 Ra8 34.
Ba3 Rc8 35. Bb4 f6 36. Ra2 Ra8 37. Bf3 Ra7 38. Bc5 Rc7 39. Bb4 Kf7 40. h4 g6 41.
h5 g5 42. g4 f5 43. Be2 Rc8 44. Kd1 Kf6 45. Ke1 Ke5 46. Ra1 f4 47. exf4+ Kxf4
48. Rd1 a3 49. f3 Kg3 50. Ra1 Nd5 51. Ra2 Nf4 52. Bxc4 Rxc4 53. Rxa3 Kxf3 54.
Kd2 Kxg4 55. Bd6 Rc6 56. Bb8 Kxh5 57. Ra5 Kg4 58. Be5 h5 59. Bf6 Nd5 60. Ra4+
Kf5 61. Bd4 h4 62. c4 Nb6 63. Ra5+ Kg4 64. Bxb6 Rxb6 65. c5 Rc6 66. Ke2 Kf5 67.
Ke3 e5 68. Rb5 g4 69. Ra5 g3 70. Kf3 e4+ 71. Kg2 Kg4 72. Ra4 h3+ 73. Kg1 Rxc5
74. Rxe4+ Kf3 75. Re1 h2+ 76. Kh1 g2+ 0-1

[Event "Mondiale Semilampo FIDE 2024"]
[Site "New York"]
[Date "26.12.2024"]
[Round "3.87"]
[White "Urazayev, Arystanbek"]
[Black "Meylan, Andre"]
[Result "1-0"]
[WhiteTitle "IM"]
[BlackTitle "CM"]
[WhiteElo "2470"]
[BlackElo "2138"]
[WhiteFideId "13709810"]
[BlackFideId "1301225"]
[EventDate "26.12.2024"]

1. e4 e6 2. d4 d5 3. e5 c5 4. c3 Nc6 5. Nf3 Nge7 6. Na3 cxd4 7. cxd4 Nf5 8. Nc2
Qb6 9. Bd3 Bd7 10. O-O Be7 11. Bxf5 exf5 12. h4 O-O 13. Rb1 a5 14. Bg5 Bxg5 15.
Nxg5 Nb4 16. Nxb4 axb4 17. a3 h6 18. Nh3 Bb5 19. Re1 bxa3 20. bxa3 Rxa3 21. Nf4
Qc6 22. e6 fxe6 23. Rxe6 Qd7 24. Qe1 Bc6 25. Qe5 Re8 26. Re1 Rxe6 27. Nxe6 Qf7
28. Nd8 Qf6 29. Qb8 Kh7 30. Ne6 Qf7 31. Nf8+ Kg8 32. Ng6+ Kh7 33. h5 Qg8 34.
Nf8+ Kh8 35. Re6 Ra1+ 36. Kh2 Rd1 37. Qe5 Qf7 38. Rxh6+ Kg8 39. Ng6 1-0

[Event "Mondiale Semilampo FIDE 2024"]
[Site "New York"]
[Date "26.12.2024"]
[Round "3.88"]
[White "Esquivel Golcher, Luis Enrique"]
[Black "Saraci, Nderim"]
[Result "0-1"]
[WhiteTitle "FM"]
[BlackTitle "IM"]
[WhiteElo "2081"]
[BlackElo "2431"]
[WhiteFideId "6600174"]
[BlackFideId "6351921"]
[EventDate "26.12.2024"]

1. b3 e5 2. Bb2 Nc6 3. e3 Nf6 4. Bb5 Bd6 5. Na3 Na5 6. Nc4 Nxc4 7. Bxc4 O-O 8.
Nf3 Qe7 9. a3 e4 10. Nd4 Be5 11. Nf5 Qe8 12. Bxe5 Qxe5 13. Ng3 h5 14. h4 d5 15.
Be2 g6 16. d4 exd3 17. cxd3 Qc3+ 18. Kf1 Qe5 19. d4 Qd6 20. Qc2 Re8 21. Bd3 Ng4
22. Qd2 Nxe3+ 23. Kg1 Bd7 24. b4 Nc4 25. Qg5 Bg4 26. Kh2 Nb2 27. Bf5 Bxf5 28. f4
Bg4 29. Rhe1 Nd3 30. Rxe8+ Rxe8 31. Rf1 Qd8 0-1

[Event "Mondiale Semilampo FIDE 2024"]
[Site "New York"]
[Date "26.12.2024"]
[Round "3.89"]
[White "Sardana, Rishi"]
[Black "Wong, Hayoung"]
[Result "1-0"]
[WhiteTitle "IM"]
[WhiteElo "2466"]
[BlackElo "1704"]
[WhiteFideId "25004301"]
[BlackFideId "13205145"]
[EventDate "26.12.2024"]

1. e4 e5 2. Nf3 Nc6 3. Bc4 Bc5 4. d3 Nf6 5. c3 O-O 6. Nbd2 d6 7. b4 Bb6 8. a4 a6
9. O-O Qe7 10. Bb3 Bg4 11. h3 Bh5 12. Re1 Rad8 13. Qe2 a5 14. b5 Nb8 15. Nf1
Nbd7 16. Ng3 Bg6 17. Nh4 Nc5 18. Nhf5 Qd7 19. Bc2 Ne6 20. Qf3 c6 21. Rb1 Rb8 22.
Nxg7 Nxg7 23. Qxf6 Bd8 24. Qf3 Be7 25. Bh6 Rfe8 26. h4 Bxh4 27. d4 exd4 28. cxd4
d5 29. bxc6 bxc6 30. Rxb8 Rxb8 31. Qf4 Bxg3 32. Qxg3 Re8 33. e5 Nf5 34. Bxf5
Qxf5 35. Qc3 Qe6 36. Rc1 Rc8 37. Bg5 Kg7 38. Bf6+ Kg8 39. Qd2 Kf8 40. Qxa5 Qg4
41. Qb4+ Kg8 42. Qd2 Be4 43. Qg5+ Qxg5 44. Bxg5 Bd3 45. Rc3 Bc4 46. Be7 f5 47.
exf6 Kf7 48. Rh3 Ra8 49. Rxh7+ Kg6 50. Rg7+ Kf5 51. f7 1-0

[Event "Mondiale Semilampo FIDE 2024"]
[Site "New York"]
[Date "26.12.2024"]
[Round "3.90"]
[White "Ahmed, Nidal"]
[Black "Makoto, Rodwell"]
[Result "1-0"]
[BlackTitle "IM"]
[WhiteElo "1796"]
[BlackElo "2334"]
[WhiteFideId "11504048"]
[BlackFideId "11000120"]
[EventDate "26.12.2024"]

1. e4 e5 2. Nc3 Nf6 3. g3 c6 4. Bg2 d5 5. exd5 cxd5 6. d4 exd4 7. Qxd4 Nc6 8.
Qa4 d4 9. Nce2 Bb4+ 10. c3 Ba5 11. Nxd4 O-O 12. Nge2 Nxd4 13. Nxd4 Re8+ 14. Be3
Bd7 15. Qb3 Ng4 16. O-O Bb6 17. Rad1 Nxe3 18. fxe3 Rf8 19. Kh1 Qe7 20. Rde1 Kh8
21. Rf4 Rae8 22. Rh4 h6 23. Re4 Qg5 24. Rf4 Re7 25. Ref1 f6 26. e4 Rfe8 27. Nf5
Bxf5 28. exf5 Qh5 29. Bf3 Qh3 30. Bg4 1-0

[Event "Mondiale Semilampo FIDE 2024"]
[Site "New York"]
[Date "26.12.2024"]
[Round "4.1"]
[White "Carlsen, Magnus"]
[Black "Shimanov, Aleksandr"]
[Result "1/2-1/2"]
[WhiteTitle "GM"]
[BlackTitle "GM"]
[WhiteElo "2831"]
[BlackElo "2593"]
[WhiteFideId "1503014"]
[BlackFideId "4198603"]
[EventDate "26.12.2024"]

1. e4 e6 2. d4 d5 3. Nc3 Nf6 4. e5 Nfd7 5. Nce2 c5 6. c3 cxd4 7. cxd4 f6 8. exf6
Nxf6 9. Nf3 Nc6 10. Nc3 Bd6 11. Bb5 O-O 12. O-O Qb6 13. Re1 Bd7 14. Bxc6 bxc6
15. Na4 Qc7 16. Ne5 Be8 17. Bf4 Ne4 18. Bg3 c5 19. Nxc5 Bxc5 20. Rc1 Qb6 21.
dxc5 Nxc5 22. Re3 Ne4 23. Rb3 Nxf2 24. Rxb6 Nxd1 25. Rb3 a5 26. Rxd1 Ba4 27. Nf3
Bxb3 28. axb3 Rfc8 29. Nd4 Ra6 30. Ra1 Rca8 31. Kf2 Kf7 32. Be5 a4 33. Rc1 R8a7
34. Nc6 Ra8 35. Nb4 Rb6 36. Rc7+ Kg6 37. Nc6 Rxb3 38. Rxg7+ Kf5 39. Rf7+ Ke4 40.
Rxh7 Rf8+ 41. Kg1 Kd3 42. h4 Rb6 43. Rc7 Ke4 44. Bc3 a3 45. bxa3 Rb1+ 46. Kh2
Rc1 47. Bg7 Rf2 48. Kg3 Rcc2 49. Kg4 Rxg2+ 50. Kh5 Rxg7 51. Rxg7 Rxc6 52. Kg5 d4
53. Rd7 Rc5+ 54. Kg6 Rd5 55. Rxd5 exd5 56. h5 d3 57. h6 d2 58. h7 d1=Q 59. h8=Q
Qg1+ 60. Kf7 Qa7+ 61. Ke6 Qa6+ 62. Kd7 d4 63. Qh1+ Ke5 64. Qh5+ Ke4 65. Qh1+ Ke3
66. Qg1+ Ke4 67. Qh1+ Ke5 1/2-1/2

[Event "Mondiale Semilampo FIDE 2024"]
[Site "New York"]
[Date "26.12.2024"]
[Round "4.2"]
[White "Safarli, Eltaj"]
[Black "Dominguez Perez, Leinier"]
[Result "0-1"]
[WhiteTitle "GM"]
[BlackTitle "GM"]
[WhiteElo "2610"]
[BlackElo "2741"]
[WhiteFideId "13402129"]
[BlackFideId "3503240"]
[EventDate "26.12.2024"]

1. e4 c5 2. Nf3 d6 3. Nc3 Nf6 4. e5 dxe5 5. Nxe5 a6 6. g3 Qd6 7. Nf3 b5 8. Bg2
Bb7 9. O-O e6 10. d3 Be7 11. a4 b4 12. Nb1 O-O 13. Nbd2 Nd5 14. Nc4 Qc7 15. Re1
Nc6 16. h4 Rad8 17. Bd2 Na5 18. Nxa5 Qxa5 19. Ne5 Qc7 20. Nc4 Bf6 21. Bg5 h6 22.
Bxf6 Nxf6 23. b3 Bxg2 24. Kxg2 Nd5 25. Nd2 Ne7 26. Qg4 Rd4 27. Qe2 Nc6 28. Nf3
Rd5 29. Qe4 Nd4 30. Nxd4 cxd4 31. Re2 h5 32. Rae1 Rfd8 33. Rd2 Rc5 34. Ree2 Rdd5
35. Qf3 a5 36. Kg1 Rc6 37. Qe4 g6 38. Kg2 Kg7 39. Kg1 Rcc5 40. Kg2 Qd6 41. Kg1
Rf5 42. Kg2 Rfe5 43. Qf3 Red5 44. Qe4 Qd8 45. Qf3 Rc6 46. Re4 Rdc5 47. Qf4 Qd5
48. Kh2 e5 49. Qf3 Rxc2 50. Rxc2 Rxc2 51. Kg2 Rc3 0-1

[Event "Mondiale Semilampo FIDE 2024"]
[Site "New York"]
[Date "26.12.2024"]
[Round "4.3"]
[White "Sargsyan, Shant"]
[Black "Giri, Anish"]
[Result "1-0"]
[WhiteTitle "GM"]
[BlackTitle "GM"]
[WhiteElo "2646"]
[BlackElo "2733"]
[WhiteFideId "13306766"]
[BlackFideId "24116068"]
[EventDate "26.12.2024"]

1. e4 c5 2. Nf3 e6 3. c3 d5 4. e5 Nc6 5. d4 Bd7 6. Be2 Nge7 7. O-O Ng6 8. Re1
Be7 9. Bd3 a6 10. Be3 c4 11. Bc2 O-O 12. Nbd2 b5 13. g3 f5 14. exf6 gxf6 15. h4
Bd6 16. Qb1 Rf7 17. Bh6 Nge7 18. Nf1 Kh8 19. b3 Qc7 20. a4 Rg8 21. axb5 axb5 22.
bxc4 bxc4 23. Ra6 Nf5 24. Bxf5 exf5 25. Qb6 f4 26. Qxc7 Bxc7 27. Kh2 fxg3+ 28.
fxg3 Rb8 29. Re2 Kg8 30. Ne3 Re7 31. Rf2 Rb5 32. Kg2 Kf7 33. h5 Ke6 34. Nh4 Re8
35. Ng4 Bd8 36. Nf5 Rg8 37. Bg7 Rb6 38. Rxb6 Bxb6 39. Ngh6 Rxg7 40. Re2+ Ne5 41.
Nxg7+ 1-0

[Event "Mondiale Semilampo FIDE 2024"]
[Site "New York"]
[Date "26.12.2024"]
[Round "4.5"]
[White "Sevian, Samuel"]
[Black "Sadhwani, Raunak"]
[Result "1/2-1/2"]
[WhiteTitle "GM"]
[BlackTitle "GM"]
[WhiteElo "2696"]
[BlackElo "2673"]
[WhiteFideId "2040506"]
[BlackFideId "35093487"]
[EventDate "26.12.2024"]

1. e4 e5 2. Nf3 Nc6 3. Bc4 Bc5 4. c3 Nf6 5. d3 d6 6. Bg5 h6 7. Bh4 a5 8. Nbd2
Ba7 9. O-O g5 10. Bg3 O-O 11. Re1 Nh7 12. d4 h5 13. h3 h4 14. Bh2 g4 15. hxg4
Bxg4 16. dxe5 Nxe5 17. Be2 Bxf3 18. Nxf3 Qf6 19. Nd4 Kh8 20. Qd2 Rg8 21. Qf4 Qg6
22. Bf1 Nd3 23. Qxh4 Nxe1 24. Rxe1 Rae8 25. e5 Qg4 26. Re4 1/2-1/2

[Event "Mondiale Semilampo FIDE 2024"]
[Site "New York"]
[Date "26.12.2024"]
[Round "4.6"]
[White "Vachier-Lagrave, Maxime"]
[Black "Svane, Rasmus"]
[Result "1/2-1/2"]
[WhiteTitle "GM"]
[BlackTitle "GM"]
[WhiteElo "2731"]
[BlackElo "2628"]
[WhiteFideId "623539"]
[BlackFideId "4657101"]
[EventDate "26.12.2024"]

1. e4 e5 2. Nf3 Nc6 3. Bb5 a6 4. Ba4 Nf6 5. O-O Be7 6. d3 b5 7. Bb3 d6 8. a3 O-O
9. Nc3 Na5 10. Ba2 Be6 11. b4 Bxa2 12. Rxa2 Nc6 13. Bg5 h6 14. Bxf6 Bxf6 15. Nd5
Nd4 16. Nxd4 exd4 17. Qa1 c6 18. Nxf6+ Qxf6 19. a4 Rab8 20. axb5 axb5 21. Ra6
Rfc8 22. f4 c5 23. e5 Qf5 24. Rxd6 cxb4 25. Qd1 Rc3 26. Rxd4 Qc8 27. Kh1 Qc5 28.
Re4 Rxc2 29. Rxb4 Rxg2 30. Rxb5 Rxh2+ 31. Kxh2 Rxb5 32. Qc1 Qd5 33. Qc8+ Kh7 34.
Qf5+ g6 35. Qe4 Qe6 36. Rf2 Qg4 37. Qf3 Qh4+ 38. Kg2 Rb1 39. Rf1 Rb2+ 40. Rf2
Rb1 41. Rf1 1/2-1/2

[Event "Mondiale Semilampo FIDE 2024"]
[Site "New York"]
[Date "26.12.2024"]
[Round "4.7"]
[White "Bok, Benjamin"]
[Black "Aronian, Levon"]
[Result "0-1"]
[WhiteTitle "GM"]
[BlackTitle "GM"]
[WhiteElo "2593"]
[BlackElo "2747"]
[WhiteFideId "1017063"]
[BlackFideId "13300474"]
[EventDate "26.12.2024"]

1. d4 Nf6 2. c4 e6 3. Nc3 Bb4 4. Qc2 c5 5. dxc5 O-O 6. Nf3 Na6 7. g3 Nxc5 8. Bg2
b6 9. O-O Bb7 10. Bf4 Nce4 11. Nxe4 Bxe4 12. Qa4 Be7 13. Ne5 Bxg2 14. Kxg2 Qc7
15. Nf3 Qb7 16. Rfd1 Rfd8 17. Bd6 Bxd6 18. Rxd6 Rac8 19. Rad1 h6 20. b3 Rc5 21.
Qb4 Rdc8 22. a4 R8c7 23. Kg1 Ne4 24. R6d4 a5 25. Qe1 Rf5 26. R4d3 d5 27. cxd5
exd5 28. Re3 Rf6 29. Red3 Rc5 30. Rc1 Qd7 31. Kg2 g5 32. h3 h5 33. Rxc5 bxc5 34.
Qxa5 Kg7 35. Qa8 Rf5 36. g4 hxg4 37. hxg4 Rf4 38. Ne5 Rxf2+ 39. Kg1 Qe6 40. Qxd5
Qh6 41. Nf3 Rf1+ 42. Kxf1 Qh3+ 43. Kg1 Qg3+ 44. Kh1 Nf2# 0-1

[Event "Mondiale Semilampo FIDE 2024"]
[Site "New York"]
[Date "26.12.2024"]
[Round "4.8"]
[White "Andriasian, Zaven"]
[Black "Duda, Jan-Krzysztof"]
[Result "1/2-1/2"]
[WhiteTitle "GM"]
[BlackTitle "GM"]
[WhiteElo "2554"]
[BlackElo "2740"]
[WhiteFideId "13302000"]
[BlackFideId "1170546"]
[EventDate "26.12.2024"]

1. e4 c6 2. d4 d5 3. e5 Bf5 4. h4 h5 5. Bd3 Bxd3 6. Qxd3 Qa5+ 7. Nd2 e6 8. Nf3
Nh6 9. O-O Be7 10. c4 Nf5 11. g3 Na6 12. b3 c5 13. cxd5 Nb4 14. Qe2 Nxd5 15. Nc4
Qa6 16. Bb2 O-O 17. Rfd1 b5 18. Ncd2 c4 19. bxc4 bxc4 20. Qxc4 Qxc4 21. Nxc4
Rfc8 22. Rdc1 Rab8 23. Na5 Nb4 24. Rxc8+ Rxc8 25. Ne1 g5 26. hxg5 Bxg5 27. Nb3
Nc2 28. Nxc2 Rxc2 29. Bc1 Bxc1 30. Rxc1 Rxa2 31. Rc8+ Kg7 32. Rc7 Ra3 33. Rb7
Kg6 34. Kg2 a5 35. Nd2 Nxd4 36. Nc4 Rb3 37. Nxa5 Rc3 38. Rb4 Nf3 39. Rc4 Rxc4
40. Nxc4 Nd4 41. f4 Nf5 42. Kf3 Nd4+ 43. Ke4 Nf5 44. Kf3 Nd4+ 45. Ke4 Nf5 1/2-1/2

[Event "Mondiale Semilampo FIDE 2024"]
[Site "New York"]
[Date "26.12.2024"]
[Round "4.9"]
[White "Mamedyarov, Shakhriyar"]
[Black "Deac, Bogdan-Daniel"]
[Result "1/2-1/2"]
[WhiteTitle "GM"]
[BlackTitle "GM"]
[WhiteElo "2738"]
[BlackElo "2696"]
[WhiteFideId "13401319"]
[BlackFideId "1226380"]
[EventDate "26.12.2024"]

1. d4 Nf6 2. Bg5 d5 3. e3 c5 4. Bxf6 gxf6 5. dxc5 e6 6. Nf3 Bxc5 7. Be2 Nc6 8.
O-O O-O 9. c4 dxc4 10. Qa4 Na5 11. Rd1 Qc7 12. Na3 Bxa3 13. Qxa3 e5 14. Rac1 b5
15. Nd2 Bf5 16. b3 Rfd8 17. Qb4 Rab8 18. h3 Kg7 19. g4 Be6 20. Ne4 Nc6 21. Qc5
Rxd1+ 22. Rxd1 Qb6 23. Rd6 Rc8 24. bxc4 bxc4 25. Qxb6 axb6 26. Nc3 Nb4 27. f4
exf4 28. exf4 f5 29. gxf5 Bxf5 30. Rxb6 Nd3 31. Bg4 Bxg4 32. hxg4 Nxf4 33. a4
Re8 34. Rb4 Re1+ 35. Kh2 Rc1 36. Kg3 Rxc3+ 37. Kxf4 Rc1 38. Ke3 c3 39. Kd3 Kg6
40. Rc4 f5 41. gxf5+ 1/2-1/2

[Event "Mondiale Semilampo FIDE 2024"]
[Site "New York"]
[Date "26.12.2024"]
[Round "4.10"]
[White "Yu, Yangyi"]
[Black "Martirosyan, Haik M."]
[Result "1/2-1/2"]
[WhiteTitle "GM"]
[BlackTitle "GM"]
[WhiteElo "2724"]
[BlackElo "2656"]
[WhiteFideId "8603820"]
[BlackFideId "13306553"]
[EventDate "26.12.2024"]

1. c4 e5 2. Nc3 Nf6 3. e3 Bb4 4. Nd5 Bd6 5. Ne2 Nxd5 6. cxd5 c6 7. Nc3 O-O 8.
Bc4 Be7 9. O-O d6 10. b4 Nd7 11. a4 Nf6 12. a5 cxd5 13. Nxd5 Be6 14. Qb3 Qd7 15.
Ba3 Rfc8 16. Nxe7+ Qxe7 17. Bxe6 Qxe6 18. Qxe6 fxe6 19. b5 d5 20. Rfc1 Ne4 21.
Bb4 Kf7 22. f3 Nf6 23. Bd6 e4 24. f4 Ne8 25. Be5 Ke7 26. Kf2 g6 27. b6 Rxc1 28.
Rxc1 axb6 29. axb6 Ra2 30. Ke2 Kd7 31. g4 Ra6 32. Bd4 Ra8 33. h4 Rc8 34. Rh1 h5
35. f5 exf5 36. gxh5 gxh5 37. Rg1 Nd6 38. Rg5 Ke6 39. Rxh5 Nf7 40. Rh7 Rg8 41.
Kf2 Rg4 42. h5 Rh4 43. Kg3 Rg4+ 44. Kf2 Rh4 45. Kg3 Rg4+ 46. Kf2 Rh4 47. Kg3 1/2-1/2

[Event "Mondiale Semilampo FIDE 2024"]
[Site "New York"]
[Date "26.12.2024"]
[Round "4.11"]
[White "Dubov, Daniil"]
[Black "Shankland, Sam"]
[Result "1/2-1/2"]
[WhiteTitle "GM"]
[BlackTitle "GM"]
[WhiteElo "2693"]
[BlackElo "2672"]
[WhiteFideId "24126055"]
[BlackFideId "2004887"]
[EventDate "26.12.2024"]

1. d4 Nf6 2. Nf3 g6 3. c4 Bg7 4. Nc3 O-O 5. Bg5 d6 6. e3 c5 7. d5 h6 8. Bh4 e6
9. Bd3 exd5 10. Nxd5 Nc6 11. O-O Be6 12. Bxf6 Bxf6 13. Nf4 Re8 14. Qb1 Bg7 15.
Nxe6 Rxe6 16. Rd1 Qb6 17. Rd2 Rae8 18. Qf1 Qa5 19. Qd1 a6 20. Bf1 Rd8 21. a3 Ne7
22. Qc2 b5 23. Rad1 Qb6 24. b3 Qc6 25. Ne1 d5 26. cxd5 1/2-1/2

[Event "Mondiale Semilampo FIDE 2024"]
[Site "New York"]
[Date "26.12.2024"]
[Round "4.13"]
[White "Adewumi, Tanitoluwa"]
[Black "Sindarov, Javokhir"]
[Result "0-1"]
[WhiteTitle "FM"]
[BlackTitle "GM"]
[WhiteElo "2349"]
[BlackElo "2682"]
[WhiteFideId "30966396"]
[BlackFideId "14205483"]
[EventDate "26.12.2024"]

1. d4 Nf6 2. c4 g6 3. Nc3 Bg7 4. e4 d6 5. Be2 O-O 6. Be3 c5 7. d5 Qb6 8. Qc2 Ng4
9. Bxg4 Bxg4 10. f3 Bd7 11. Nge2 Qb4 12. b3 b5 13. a3 Qa5 14. O-O bxc4 15. b4
cxb4 16. axb4 Qc7 17. b5 Qb7 18. Rfb1 e6 19. Nd4 exd5 20. Nxd5 Be6 21. b6 Bxd5
22. bxa7 Qe7 23. axb8=Q Raxb8 24. Rxb8 Rxb8 25. Re1 Rc8 26. Nb5 Be6 27. Bd4
Bxd4+ 28. Nxd4 c3 29. Qd3 Qa7 30. Rc1 Rc4 0-1

[Event "Mondiale Semilampo FIDE 2024"]
[Site "New York"]
[Date "26.12.2024"]
[Round "4.14"]
[White "Robson, Ray"]
[Black "Dudin, Gleb"]
[Result "1-0"]
[WhiteTitle "GM"]
[BlackTitle "GM"]
[WhiteElo "2700"]
[BlackElo "2506"]
[WhiteFideId "2023970"]
[BlackFideId "34184934"]
[EventDate "26.12.2024"]

1. d4 d5 2. c4 e6 3. Nc3 Nf6 4. cxd5 exd5 5. Bg5 Be7 6. e3 h6 7. Bh4 Bg4 8. Nf3
Nbd7 9. h3 Bxf3 10. Qxf3 O-O 11. Bd3 Re8 12. O-O c6 13. Bg3 Bb4 14. a3 Bxc3 15.
bxc3 Ne4 16. Rfc1 b5 17. a4 a6 18. Bf4 Nb6 19. axb5 cxb5 20. Qg4 Qc8 21. f3 Qxg4
22. hxg4 Nf6 23. Kf2 Na4 24. Bc7 Rac8 25. Ba5 Rc6 26. Bc2 Nb2 27. Bb4 g6 28. Re1
Rce6 29. Re2 Nc4 30. Rae1 a5 31. Bc5 Nd7 32. e4 Nxc5 33. dxc5 Rc8 34. exd5 Rxe2+
35. Kxe2 Rxc5 36. Be4 Nd6 37. Kd2 Kg7 38. Rb1 Kf6 39. Kd3 Ke7 40. Kd4 Rc4+ 41.
Kd3 a4 42. g3 Kd7 43. Kd2 Rc5 44. Rh1 f5 45. gxf5 gxf5 46. Bd3 Rxd5 47. Rxh6
Ne4+ 48. Kc2 Nxg3 49. Rb6 a3 50. Rxb5 Rxb5 51. Bxb5+ Kd6 52. Kb3 Kc5 53. Bd3 f4
54. Kxa3 Nh1 55. Kb3 Nf2 56. Be2 Nh3 57. Kc2 Ng5 58. Kd3 Kd5 59. Bd1 Kc5 60. Kd2
Kc4 61. Kc2 Kc5 62. Kd3 Kd5 63. c4+ Kc5 64. Be2 Ne6 65. Ke4 Kd6 66. Bf1 Kc5 67.
Ke5 Nd4 68. Kxf4 1-0

[Event "Mondiale Semilampo FIDE 2024"]
[Site "New York"]
[Date "26.12.2024"]
[Round "4.15"]
[White "Woodward, Andy"]
[Black "Naroditsky, Daniel"]
[Result "0-1"]
[WhiteTitle "GM"]
[BlackTitle "GM"]
[WhiteElo "2530"]
[BlackElo "2619"]
[WhiteFideId "30953499"]
[BlackFideId "2026961"]
[EventDate "26.12.2024"]

1. d4 Nf6 2. c4 g6 3. Nc3 Bg7 4. e4 d6 5. Be2 O-O 6. Be3 Na6 7. Nf3 e5 8. O-O
Qe7 9. dxe5 dxe5 10. Nd5 Qd8 11. Qc2 Ng4 12. Bd2 c6 13. Nc3 Qe7 14. h3 Nf6 15.
Be3 Nh5 16. Rfe1 f5 17. exf5 gxf5 18. c5 e4 19. Nd4 f4 20. Bxh5 fxe3 21. fxe3
Nxc5 22. Rf1 Bxh3 23. Qe2 Qg5 24. b4 Bxg2 25. Qc4+ Kh8 26. Qxc5 Qg3 27. Nde2 Qh3
28. Nf4 Qh1+ 29. Kf2 Bxf1 30. Rxf1 Qh2+ 31. Ke1 Rf5 32. Qc4 Qc2 33. Rf2 Qxc3+ 0-1

[Event "Mondiale Semilampo FIDE 2024"]
[Site "New York"]
[Date "26.12.2024"]
[Round "4.17"]
[White "Hong, Andrew"]
[Black "Caruana, Fabiano"]
[Result "0-1"]
[WhiteTitle "GM"]
[BlackTitle "GM"]
[WhiteElo "2572"]
[BlackElo "2805"]
[WhiteFideId "2099438"]
[BlackFideId "2020009"]
[EventDate "26.12.2024"]

1. d4 Nf6 2. Nc3 d5 3. Bf4 g6 4. e3 Nh5 5. Bg5 c6 6. Be2 h6 7. Bh4 Ng7 8. Bg3
Nd7 9. h4 Nf5 10. Bf4 e5 11. dxe5 Nxh4 12. Kf1 Bg7 13. e4 g5 14. e6 gxf4 15.
exd7+ Bxd7 16. exd5 Bxc3 17. bxc3 Qg5 18. Rh2 Qf6 19. Qd4 Qxd4 20. cxd4 Ng6 21.
d6 b5 22. Nf3 Bf5 23. d5 cxd5 24. Bxb5+ Bd7 25. Re1+ Kd8 26. Bd3 Rc8 27. Rh5 Rc5
28. Ne5 Nxe5 29. Rexe5 Be6 30. c4 Kd7 31. cxd5 Kxd6 32. Re4 Rc1+ 33. Re1 Rxe1+
34. Kxe1 Bxd5 35. Rf5 f3 36. g3 Rb8 37. a4 Rb2 38. a5 Kc5 39. Rf4 Rb4 40. Rf5
Kd4 41. Rf4+ Kc3 42. Rxb4 Kxb4 43. a6 Bc4 44. Be4 Bxa6 45. Kd2 Be2 46. Bd5 f6
47. Kc2 a5 48. Be6 a4 49. Kb2 a3+ 50. Kc2 Bc4 51. Bg4 Bb3+ 52. Kb1 Bd5 53. Kc2
Be4+ 54. Kc1 Kc3 55. Be6 Bd3 56. Ba2 Bc4 57. Bb1 Bb3 58. g4 Be6 59. g5 fxg5 60.
Bc2 a2 61. Bb1 0-1